Creative Industries in Slovakia and Their Pricing Strategies as the Part of Their Marketing Mix

Pochopenie možností aplikácie vybraných cenových stratégií v podmienkach kreatívneho priemyslu na Slovensku. Ekonomický potenciál kreatívneho produktu je spôsob vrátenia investície do jeho tvorby, ako aj spôsob tvorby zisku. Ekonomický potenciál je v tomto prípade súbor ekonomickej užitočnosti – jed...

Ausführliche Beschreibung

Gespeichert in:
Bibliographische Detailangaben
1. Verfasser: Kmety Barteková, Mária, 1992-
Format: Buchkapitel
Sprache:Englisch
Schlagworte:
Tags: Tag hinzufügen
Keine Tags, Fügen Sie das erste Tag hinzu!

MARC

LEADER 00000naa a2200000 4500
001 0281760
005 20240502074404.2
041 0 |a eng 
044 |a SK 
245 1 0 |a Creative Industries in Slovakia and Their Pricing Strategies as the Part of Their Marketing Mix  |c Mária Kmety Barteková 
520 |a Pochopenie možností aplikácie vybraných cenových stratégií v podmienkach kreatívneho priemyslu na Slovensku. Ekonomický potenciál kreatívneho produktu je spôsob vrátenia investície do jeho tvorby, ako aj spôsob tvorby zisku. Ekonomický potenciál je v tomto prípade súbor ekonomickej užitočnosti – jedinečnosti, intelektu, vedomostí, talentu a zručností, ktoré pridáva každý účastník procesu tvorby produktu. Tieto vlastnosti robia produkty kreatívneho priemyslu zásadne odlišnými od produktov tradičnej výroby. 
610 2 0 |a stratégia cenová 
610 2 0 |a marketing 
610 2 0 |a priemysel kreatívny 
610 2 0 |a produkty 
610 2 0 |a riadenie 
100 1 |a Kmety Barteková, Mária, 1992-